[Event "Challenge"]
[Site "http://www.queenalice.com/game.php?id=198849"]
[Date "2007.4.18"]
[Round "-"]
[White "rapini"]
[Black "Storm"]
[Result "1-0"]
[WhiteElo "1020"]
[BlackElo "1059"]

1. e3 d5 2. Nc3 Nf6 3. Bd3 e6 4. Nf3 Ng4 5. Nd4 Qf6 6. Qxg4 h5 7. Qg3 e5 8. Nxd5
Qd6 9. Qf3 Bg4 10. Qe4 f5 11. Nf6+ Qxf6 12. Qxb7 Bc5 13. Qxa8 O-O 14. Qd5+ Kh7
15. Ne6 Re8 16. f3 Bxf3 17. gxf3 Qh4+ 18. Kd1 Qf2 19. Ng5+ Kh8 20. Nf7+ Kh7 21.
Bxf5+ 1-0

[Event "Challenge"]
[Site "http://www.queenalice.com/game.php?id=206101"]
[Date "2007.5.4"]
[Round "-"]
[White "rapini"]
[Black "smumustang"]
[Result "0-1"]
[WhiteElo "1047"]
[BlackElo "1236"]

1. e4 e5 2. Nf3 Nf6 3. d4 Bb4+ 4. c3 Ba5 5. Bc4 O-O 6. Nh4 Nc6 7. Nf5 b6 8. O-O
d6 9. Ne3 Nxe4 10. Qf3 d5 11. Nxd5 Be6 12. Qxe4 Bg4 13. Qxg4 Qd6 14. Bg5 Qg6 0-1

[Event "Challenge"]
[Site "http://www.queenalice.com/game.php?id=216321"]
[Date "2007.5.25"]
[Round "-"]
[White "ambro"]
[Black "rapini"]
[Result "1-0"]
[WhiteElo "1206"]
[BlackElo "1081"]

1. e4 e6 2. Nc3 Nf6 3. Nh3 Qe7 4. e5 Qc5 5. exf6 gxf6 6. Nb5 Rg8 7. Qh5 Qxc2 8.
Nd4 Qxb2 9. Bxb2 e5 10. Bc4 Rg7 11. Nf5 Nc6 12. Nxg7+ Bxg7 13. Qxf7+ Kd8 14.
Qxg7 d5 15. Qf8+ Kd7 16. Bxd5 1-0

[Event "Challenge"]
[Site "http://www.queenalice.com/game.php?id=453486"]
[Date "2008.8.25"]
[Round "-"]
[White "rapini"]
[Black "None"]
[Result "0-1"]
[WhiteElo "1023"]
[BlackElo "1388"]

1. d3 d5 2. Nc3 d4 3. Ne4 e5 4. Bg5 f6 5. Qd2 fxg5 6. Nxg5 Be7 7. Ne4 Nf6 8. Nf3
Bf5 9. Ng3 Bg4 10. Nxe5 h5 11. Qg5 Qd5 12. Qf4 Bd6 13. Qg5 Qa5+ 14. Qd2 Bb4 15.
c3 dxc3 16. Qc2 cxb2+ 17. Kd1 bxa1=Q+ 18. Qc1 Qa4# 0-1

[Event "Challenge"]
[Site "http://www.queenalice.com/game.php?id=458749"]
[Date "2008.9.5"]
[Round "-"]
[White "rapini"]
[Black "None"]
[Result "1-0"]
[WhiteElo "1021"]
[BlackElo "1415"]

1. e4 d5 2. d3 dxe4 3. Nh3 Bxh3 4. gxh3 e5 5. Nc3 Bb4 6. a3 Bc5 7. Nxe4 Bb6 8.
d4 f5 9. Ng3 f4 10. Nf5 Qg5 11. Bd3 g6 12. h4 Qg2 13. Rf1 Kf7 14. Qd2 e4 15.
Bc4+ Kf8 16. Qb4+ Ke8 17. Bxg8 Rxg8 18. Qe7# 1-0

[Event "Challenge"]
[Site "http://www.queenalice.com/game.php?id=686791"]
[Date "2009.11.21"]
[Round "-"]
[White "rapini"]
[Black "Ginormous"]
[Result "1-0"]
[WhiteElo "1077"]
[BlackElo "1491"]

1. d3 e5 2. Nf3 Nc6 3. Nc3 Nf6 4. e4 Bb4 5. a3 Be7 6. Nd5 h6 7. Qd2 b6 8. Qc3
Bc5 9. Nxe5 Nxe5 10. Qxe5+ Kf8 11. Nxc7 Ng4 12. Qf4 Rb8 13. d4 Bxd4 14. Bc4
Bxf2+ 15. Kf1 d6 16. Qxf7# 1-0

[Event "Challenge"]
[Site "http://www.queenalice.com/game.php?id=686794"]
[Date "2009.11.21"]
[Round "-"]
[White "rapini"]
[Black "kathieD"]
[Result "0-1"]
[WhiteElo "1129"]
[BlackElo "1262"]

1. d3 d5 2. Nc3 c6 3. e3 Nf6 4. d4 Bg4 5. f3 Bh5 6. g4 Bg6 7. e4 Qa5 8. Ne2 e6
9. Nf4 dxe4 10. fxe4 Bxe4 11. Rg1 Bb4 12. a3 Bxc3+ 13. bxc3 Qxc3+ 14. Bd2 Qxd4
15. Rg3 e5 16. c3 Qc5 17. g5 Nd5 18. Qg4 exf4 19. Qc8+ Ke7 20. Qxb7+ Ke6 21.
Bh3+ f5 22. Qxg7 fxg3 23. Ke2 Qf2+ 24. Kd1 gxh2 25. Bg2 Qg1+ 26. Ke2 Qxg2+ 27.
Ke1 h1=Q# 0-1

[Event "Challenge"]
[Site "http://www.queenalice.com/game.php?id=688949"]
[Date "2009.11.26"]
[Round "-"]
[White "bruhno"]
[Black "rapini"]
[Result "0-1"]
[WhiteElo "1495"]
[BlackElo "1077"]

1. e4 e5 2. Qh5 Nc6 3. Qf3 Nf6 4. h3 Bc5 5. a3 d5 6. exd5 Nxd5 7. Bb5 a6 8.
Bxc6+ bxc6 9. c4 Rb8 10. cxd5 cxd5 11. Nc3 d4 12. Na4 Bd6 13. d3 Rb3 14. Ne2 c5
15. Qc6+ Qd7 16. Qd5 Rb5 17. O-O Bb7 18. Qc4 O-O 19. Ng3 e4 20. dxe4 Qe6 21. Qe2
c4 22. Rd1 Qe5 23. f4 Qe6 24. Rxd4 Rb3 25. Rxc4 Rxg3 26. f5 Qe5 27. Qf1 Rg5 28.
Bxg5 Qh2+ 29. Kf2 Re8 30. Rd4 Be5 31. Rd7 Bxe4 32. Qc4 Qg3+ 33. Ke2 Qxg2+ 34.
Kd1 Bf3+ 35. Kc1 Bf4+ 36. Bxf4 Re1+ 37. Rd1 Rxd1# 0-1

[Event "Challenge"]
[Site "http://www.queenalice.com/game.php?id=690149"]
[Date "2009.11.28"]
[Round "-"]
[White "rodriw02"]
[Black "rapini"]
[Result "0-1"]
[WhiteElo "1079"]
[BlackElo "1077"]

1. e4 Nc6 2. Bc4 Nf6 3. Qf3 e6 4. a4 d5 5. exd5 Nd4 6. Qd3 c5 7. Ra3 Ng4 8. f3
Ne5 9. Qe4 Nxc4 10. Rc3 f5 11. Qd3 Ne5 12. f4 Nxd3+ 13. Rxd3 Nxc2+ 14. Kf1 c4
15. Rc3 Nd4 16. Rxc4 Qb6 17. a5 Qxa5 18. Rxd4 Qc5 19. Rd3 Qb6 20. Nf3 Qc5 21.
Nc3 Bd6 22. Ng5 Bxf4 23. Nxe6 Bxe6 24. Rf3 Qc4+ 25. d3 Qd4 26. Rxf4 Qxd3+ 27.
Ke1 Rd8 28. dxe6 O-O 29. e7 Rf7 30. exd8=Q+ Qxd8 31. h4 Re7+ 32. Kf2 Qb6+ 33.
Kg3 g6 34. h5 gxh5 35. Rxh5 Qg6+ 36. Kh3 Qxh5+ 37. Rh4 Qg6 38. Nd5 Qe6 39. Nf4
Qe1 40. Rh6 Qh1+ 41. Kg3 Qxh6 42. b4 Qh1 43. Bb2 Re3+ 44. Kf2 Qe1# 0-1

[Event "Challenge"]
[Site "http://www.queenalice.com/game.php?id=710962"]
[Date "2010.1.9"]
[Round "-"]
[White "rapini"]
[Black "fcruzlopes"]
[Result "0-1"]
[WhiteElo "1133"]
[BlackElo "1357"]

1. d4 d5 2. Nc3 Nf6 3. Nf3 e6 4. e4 dxe4 5. Ne5 Bb4 6. Bc4 O-O 7. O-O c5 8. Re1
cxd4 9. Rxe4 Nxe4 10. Nxe4 a6 11. g3 b5 12. Qg4 Be7 13. Bh6 Bf6 14. Bxg7 Bxg7
15. Bd3 f5 16. Qh5 Bxe5 17. Ng5 Ra7 18. Rf1 Rf6 19. Re1 Nc6 20. c4 bxc4 21. Bxc4
Qf8 22. Qf3 Rc7 23. g4 fxg4 24. Qxg4 Rg7 25. Bd3 h6 26. Qe4 Bb7 27. Kf1 Rxf2+
28. Kg1 Rxg5+ 29. Kh1 Rxh2# 0-1